00554nam a2200181 a 450000100100000000500170001000800410002702000150006804000250008308200150010810000290012324500480015226000300020030000210023049000220025150000770027383000220035000004251620201002040215.0131205s1990 sp 000 0 spa d a842063252X aDO-SdBNPbspacBNPHU axxxxbxxxx1 aAyala, Francisco,d1906-13aEl escritor en su siglo /cFrancisco Ayala. aMadrid :bAlianza,c1990. a523 p. ;c20 cm.1 aAlianza tresv252 aIncluye datos biográficos del autor en la solapa de la contracubierta. 0aAlianza tresn252